Fundamentals of corporate accounting: Incorporating companies Act 2013. 2V (Record no. 25910)

MARC details
000 -LEADER
fixed length control field 00506nam a2200181Ia 4500
008 - FIXED-LENGTH DATA ELEMENTS--GENERAL INFORMATION
fixed length control field 230917s9999||||xx |||||||||||||| ||und||
020 ## - ISBN
Price RS510
040 ## - CATALOGING SOURCE
-- 245708
Original cataloging agency VIVEKANANDA LIBRARY
041 ## - Language
-- English
082 ## - DDC NUMBER
Classification number 657.95 M748F(22)
100 ## - MAIN ENTRY--PERSONAL NAME
Personal name Monga, J R
245 #0 - TITLE STATEMENT
Title Fundamentals of corporate accounting: Incorporating companies Act 2013. 2V
250 ## - EDITION STATEMENT
Edition statement 22nd ed.
260 ## - PUBLICATION, DISTRIBUTION, ETC. (IMPRINT)
Place of publication, distribution, etc [n.d.]
Name of publisher, distributor, etc J R Monga
Date of publication, distribution, etc 2017
300 ## - PHYSICAL DESCRIPTION
Pages v. p.
500 ## - GENERAL NOTE
General note 3037 05/02/2018 HBD18/7364 16/03/2018 Main Budget
942 ## - ADDED ENTRY ELEMENTS (KOHA)
Koha item type Books
Holdings
Withdrawn status Lost status Source of classification or shelving scheme Damaged status Not for loan Location (home branch) Sublocation or collection (holding branch) Date acquired Koha issues (times borrowed) Koha full call number Accession No. Koha date last seen Koha item type
Withdrawn Lost and paid for Dewey Decimal Classification     VIVEKANANDA LIBRARY VIVEKANANDA LIBRARY 28/03/2018 1 657.95 M748F(22) 372833 07/05/2024 Books
          VIVEKANANDA LIBRARY VIVEKANANDA LIBRARY 28/03/2018   657.95 M748F(22) 372834 17/09/2023 Books
          VIVEKANANDA LIBRARY VIVEKANANDA LIBRARY 28/03/2018 2 657.95 M748F(22) 372835 26/09/2025 Books
          VIVEKANANDA LIBRARY VIVEKANANDA LIBRARY 28/03/2018 1 657.95 M748F(22) 372836 03/09/2024 Books
          VIVEKANANDA LIBRARY VIVEKANANDA LIBRARY 28/03/2018 4 657.95 M748F(22) 372837 16/12/2025 Books
          VIVEKANANDA LIBRARY VIVEKANANDA LIBRARY 28/03/2018   657.95 M748F(22) 372838 17/09/2023 Books
          VIVEKANANDA LIBRARY VIVEKANANDA LIBRARY 28/03/2018 2 657.95 M748F(22) 372839 18/12/2025 Books
          VIVEKANANDA LIBRARY VIVEKANANDA LIBRARY 28/03/2018 1 657.95 M748F(22) 372840 05/05/2025 Books
© Designed and Maintained by Vivekananda Library, MDU Rohtak